|
|
|
|
| LEADER |
02233nam a2200577 i 4500 |
| 001 |
nkc20203170490 |
| 003 |
CZ PrNK |
| 005 |
20240712155538.0 |
| 007 |
ta |
| 008 |
200601s2020 xr acfhe 001 0dcze |
| 015 |
|
|
|a cnb003170490
|
| 020 |
|
|
|a 978-80-200-3126-6
|q (vázáno)
|
| 035 |
|
|
|a (OCoLC)1240908658
|
| 040 |
|
|
|a ABA001
|b cze
|d BOA001
|e rda
|
| 043 |
|
|
|a e-xr---
|
| 045 |
|
|
|a w-y-
|
| 072 |
|
7 |
|a 78.07
|x Hudebníci, skladatelé a jiná hudební povolání
|2 Konspekt
|9 9
|
| 080 |
|
|
|a 78.071.1
|2 MRF
|
| 080 |
|
|
|a 78-027.22
|2 MRF
|
| 080 |
|
|
|a (437.3)
|2 MRF
|
| 080 |
|
|
|a (0:82-4)
|2 MRF
|
| 080 |
|
|
|a (0:82-94)
|2 MRF
|
| 100 |
1 |
|
|a Suk, Jan,
|d 1951-2025
|7 js20020204026
|4 aut
|
| 245 |
1 |
0 |
|a Melancholické století oblaku :
|b Josef Suk a život umělců /
|c Jan Suk
|
| 246 |
3 |
0 |
|a Josef Suk a život umělců
|
| 250 |
|
|
|a První vydání
|
| 264 |
|
1 |
|a Praha :
|b Academia,
|c 2020
|
| 300 |
|
|
|a 263 stran, 28 nečíslovaných stran obrazových příloh :
|b ilustrace (některé barevné), portréty, faksimile ;
|c 24 cm
|
| 336 |
|
|
|a text
|b txt
|2 rdacontent
|
| 337 |
|
|
|a bez média
|b n
|2 rdamedia
|
| 338 |
|
|
|a svazek
|b nc
|2 rdacarrier
|
| 500 |
|
|
|a Obsahuje rejstřík
|
| 600 |
1 |
7 |
|a Suk, Josef,
|d 1874-1935
|7 jn19990009999
|2 czenas
|
| 648 |
|
7 |
|a 19.-21. století
|7 ch757016
|2 czenas
|
| 650 |
0 |
7 |
|a hudební skladatelé
|7 ph120923
|z Česko
|y 19.-20. století
|2 czenas
|
| 650 |
0 |
7 |
|a hudební skladatelé
|7 ph120923
|x přátelé a spolupracovníci
|2 czenas
|
| 650 |
0 |
7 |
|a hudební skladatelé
|7 ph120923
|x partnerské a rodinné vztahy
|2 czenas
|
| 650 |
0 |
7 |
|a hudební život
|7 ph135177
|z Česko
|y 19.-21. století
|2 czenas
|
| 650 |
0 |
9 |
|a composers
|z Czechia
|y 19th-20th centuries
|2 eczenas
|
| 650 |
0 |
9 |
|a composers
|x friends and associates
|2 eczenas
|
| 650 |
0 |
9 |
|a composers
|x partner and family relationships
|2 eczenas
|
| 650 |
0 |
9 |
|a musical life
|z Czechia
|y 19th-21st centuries
|2 eczenas
|
| 655 |
|
7 |
|a eseje
|7 fd132213
|2 czenas
|
| 655 |
|
7 |
|a vzpomínky
|7 fd133830
|2 czenas
|
| 655 |
|
9 |
|a essays
|2 eczenas
|
| 655 |
|
9 |
|a reminiscences
|2 eczenas
|
| 910 |
2 |
|
|a BOA001
|b 2-1456.714
|
| 990 |
|
|
|a BK
|
| 995 |
|
|
|a 01
|
| 991 |
|
|
|b 202101
|c NOV
|
| 996 |
6 |
|
|b 2610848499
|c 2-1456.714
|l MZK
|r Sklad / do 1 hodiny
|n 3
|p p.v.
|w 001838088
|u 000010
|a 1
|e BOA001
|j MZK50
|s P
|